3 biografías / (Registro nro. 174095)
[ vista simple ]
| 000 -LEADER | |
|---|---|
| campo de control de longitud fija | 01077namaa22002771 4500 |
| 001 - NÚMERO DE CONTROL | |
| campo de control | 174095 |
| 003 - IDENTIFICADOR DE NÚMERO DE CONTROL | |
| campo de control | ES-MaACL |
| 005 - FECHA Y HORA DE LA ÚLTIMA TRANSACCIÓN | |
| campo de control | 20251009165218.0 |
| 008 - DATOS DE LONGITUD FIJA--INFORMACIÓN GENERAL | |
| campo de control de longitud fija | 100215s1949 cu |||| | spa d |
| 080 ## - NÚMERO DE LA CLASIFICACIÓN DECIMAL UNIVERSAL | |
| Número de la Clasificación Decimal Universal | 929(729.1) |
| 100 1# - ENTRADA PRINCIPAL--NOMBRE DE PERSONA | |
| Nombre de persona | Morales y Morales, Vidal. |
| 9 (RLIN) | 142166 |
| 245 10 - MENCIÓN DEL TÍTULO | |
| Título | 3 biografías / |
| Mención de responsabilidad, etc. | Vidal Morales y Morales ; recopilación y prólogo de Félix Lizaso. |
| 246 3# - FORMA VARIANTE DEL TITULO | |
| Título propio/Titulo breve | Tres biografías |
| 260 ## - PUBLICACIÓN, DISTRIBUCIÓN, ETC. | |
| Lugar de publicación, distribución, etc. | La Habana : |
| Nombre del editor, distribuidor, etc. | Ministerio de Educación, Dirección de Cultura, |
| Fecha de publicación, distribución, etc. | 1949. |
| 300 ## - DESCRIPCIÓN FÍSICA | |
| Extensión | 225 p. ; |
| Dimensiones | 19 cm. |
| 490 1# - MENCIÓN DE SERIE | |
| Mención de serie | Cuadernos de Cultura. Octava serie ; |
| Designación de volumen o secuencia | 5 |
| 505 8# - NOTA DE CONTENIDO CON FORMATO | |
| Nota de contenido con formato | Contiene: Anselmo Suárez y Romero ; José Silverio Jorrín ; Antonio Bachiller y Morales |
| 600 14 - PUNTO DE ACCESO ADICIONAL DE MATERIA--NOMBRE DE PERSONA | |
| Nombre de persona | Suárez y Romero, Anselmo. |
| 9 (RLIN) | 142159 |
| 600 14 - PUNTO DE ACCESO ADICIONAL DE MATERIA--NOMBRE DE PERSONA | |
| Nombre de persona | Jorrín, José Silverio, |
| Fechas asociadas al nombre | 1816-1897 |
| 9 (RLIN) | 172998 |
| 600 14 - PUNTO DE ACCESO ADICIONAL DE MATERIA--NOMBRE DE PERSONA | |
| Nombre de persona | Bachiller y Morales, Antonio, |
| Fechas asociadas al nombre | 1812-1889 |
| 9 (RLIN) | 24478 |
| 700 1# - ENTRADA AGREGADA--NOMBRE PERSONAL | |
| Nombre de persona | Lizaso, Félix. |
| 9 (RLIN) | 72618 |
| 710 1# - ENTRADA AGREGADA--NOMBRE DE ENTIDAD CORPORATIVA | |
| Nombre de entidad corporativa o nombre de jurisdicción como elemento de entrada | Cuba. |
| Unidad subordinada | Dirección General de Cultura. |
| 9 (RLIN) | 146958 |
| 830 1# - PUNTO DE ACCESO ADICIONAL DE SERIE-TÍTULO UNIFORME | |
| Título uniforme | Cuadernos de cultura |
| Designación de volumen o secuencia | 5 |
| 9 (RLIN) | 181245 |
| 852 ## - LOCALIZACIÓN | |
| Ubicación | ES-MaACL |
| Número de control de estantería | C-57159 |
| Estatus retirado | Estado de pérdida | Estado de daño | No para préstamo | Biblioteca de origen | Biblioteca actual | Ubicación en estantería | Fecha de adquisición | Fuente de adquisición | Total de préstamos | Signatura topográfica completa | Código de barras | Visto por última vez | Precio de reemplazo | Tipo de ítem Koha |
|---|---|---|---|---|---|---|---|---|---|---|---|---|---|---|
| Biblioteca del Ateneo de Madrid | Biblioteca del Ateneo de Madrid | Depósito 2 | 15/02/2010 | C-57159 | 1182746 | 23/02/2023 | 23/02/2023 | Libro impreso |
